000 00869nam a2200205 i 4500
001 17762
003 ES-MaACL
005 20250930063035.0
007 t|
008 010517s1903 sp ||||1| spa d
080 _a929 García Barzanallana, José
100 1 _aJove y Hevia, Plácido de,
_cVizconde de Campo Grande
_967050
245 1 0 _aNecrología del Excmo. Señor D. José García Barzanallana y García de Frías ... de la Real Academia de Ciencias Morales y Políticas... /
_cleída por ... el Vizconde de Campo-Grande.
260 _aMadrid :
_b[s.n.],
_c1903 (
_fImp. del Asilo de Huérfanos del S. C. de Jesús)
300 _a23 p. ;
_c27 cm.
600 1 4 _aGarcía Barzanallana, José,
_d1819-1903
_954239
710 2 _aReal Academia de Ciencias Morales y Políticas (España)
_9222050
852 _aES-MaACL
_j2165-F-18
999 _c17762
_d17762